000 00910nmm a2200277 a 4500
001 ocm0001349748
003 TR-IsHL
005 20201028161314.0
008 161016s2013 tu tur
007 cr cn
020 _a9786051313597
035 _a1349748
_b(N$T)
050 0 4 _aPZ90.K37
_bB3
090 0 4 _aPZ90.K37
_bB3
100 1 _aKaracan, Şebnem Güler
245 1 0 _aBaşıma icat çıkardım
_h[electronic resource] /
_cŞebnem Güler Karacan ; resimleyen Murat Bingöl
260 _aİstanbul :
_bNesil Çocuk Yayınları,
_c2013
300 _a114 p.
650 4 _aDil ve Edebiyat
650 4 _aLanguage and Literature
650 0 _aÇocuk hikayeleri, Türk
650 0 _aChildren story, Turkish
650 7 _aJUVENILE FICTION / General
_2bisacsh
700 1 _aBingöl, Murat
856 4 0 _uhttp://search.ebscohost.com/login.aspx?direct=true&scope=site&db=e011xww&AN=1349748
999 _c14050
_d14050